[Event "Budapest Spring Festival 2018"]
[Site "Budapest"]
[Date "2018.04.26"]
[Round "9"]
[White "Zentai, Peter"]
[Black "Horvath, Adam"]
[Result "0-1"]
[WhiteElo "2304"]
[BlackElo "2486"]
[Annotator "TA"]
[PlyCount "118"]
[EventDate "2018.??.??"]
[EventType "swiss"]
[EventCountry "HUN"]
[SourceTitle "playchess.com"]
[Source "ChessBase"]
[SourceQuality "1"]

{[%evp 22,118,28,-62,-61,-71,-67,-70,0,0,0,-6,-6,0,0,-6,0,-8,0,0,0,-16,0,-101,-93,-135,-135,-131,-142,-197,-110,-105,-112,-105,-106,-192,-186,-185,-187,-190,-195,-191,-184,-211,-222,-203,-187,-216,-208,-260,-254,-229,-237,-227,-153,-378,-370,-356,-351,-360,-349,-334,-252,-226,-214,-211,-206,-166,-44,-35,-36,-49,-39,-32,-31,-34,-58,-43,0,0,0,-75,0,-5,0,-81,0,-109,-112,-178,-56,-241,-243,-365,-437,-572,-544,-511,-496]} 1. d4 Nf6 2. c4 e6 3. Nc3 Bb4 4. Qc2 O-O 5. e4 d5 6. e5 Ne4 7. Bd3 c5 8. Nf3 {E32: Nimzo-Indian: Classical (4 Qc2): 4...0-0} cxd4 9. Nxd4 Nd7 10. Bf4 Qh4 11. g3 Qh5 12. Bxe4 {LiveBook: 5 Games} (12. O-O $11) (12. O-O g5 13. cxd5 Nxc3 14. dxe6 gxf4 15. exd7 Bxd7 16. bxc3 {½-½ (44) Li,C (2720)-Ni,H (2674) China 2017}) 12... dxe4 $15 13. Qxe4 f6 14. Nf3 $146 ({Predecessor:} 14. Qe2 Qxe2+ 15. Ndxe2 g5 {0-1 (76) Saric,S (2473)-Papp,G (2551) Hungary 2011}) 14... g5 (14... Bxc3+ $15 15. bxc3 Nc5) 15. g4 $11 Qxg4 16. Rg1 Nc5 17. Rxg4 Nxe4 18. Bd2 $132 {[%mdl 2048] White has counterplay} f5 19. Rg2 {aiming for Nxe4.} Bxc3 $1 20. Bxc3 g4 21. Bb4 Rd8 22. Ke2 (22. h3 $11) 22... a5 $17 23. Be1 b5 24. cxb5 Bb7 25. Rg1 (25. Nh4 $17) 25... Kf7 (25... Rac8 $19 {And now ...Rc2+ would win.} 26. Ke3 Nc5) 26. Nh4 Rac8 27. Bxa5 {[#]} Rd5 $1 28. Rac1 (28. Rgc1 $17 {was necessary.} Rxb5 29. b4) 28... Rxb5 $19 29. Rxc8 Bxc8 ({Don't play} 29... Rxb2+ 30. Ke3 $17) 30. b4 Rxe5 31. Rc1 Ba6+ 32. Ke3 Nc5+ 33. Kd4 Rd5+ 34. Kc3 Ne4+ 35. Kb2 Nxf2 36. Rc7+ {[#]} Kf6 $1 37. a4 Ne4 38. Ra7 $2 (38. Ng2 $17 {is a better defense.}) 38... Rd2+ 39. Kb3 Rd3+ 40. Kc2 {next b5 is good for White.} Bc4 41. b5 {intending b6.} Nc5 42. Bc3+ Kg5 43. Rc7 Bb3+ ({Much less strong is} 43... Rd5 44. Ng2 $17) 44. Kb2 Kxh4 ({Weaker is} 44... Bxa4 45. Rxc5 Kxh4 46. b6 $15) (44... Nxa4+ $19 45. Kxb3 Nxc3 46. Rxc3 Rd5) 45. Rxc5 $15 Bxa4 $19 {[%mdl 4096] Endgame KRB-KRB} 46. b6 Rd6 47. Ba5 $1 Rd7 {Strongly threatening ...Rb7.} 48. Ka3 $1 {[%cal Ra3a4]} Bd1 49. Rc7 Rd3+ (49... Rd5 $5 {[%cal Rd5a5]} 50. Kb4 Rd8 $11) 50. Bc3 $1 {Threatens to win with b7.} Bf3 {White must now prevent ...h5.} 51. Rxh7+ Kg5 52. Kb4 Kf4 53. Kc4 (53. Re7 $11 {keeps the balance.}) 53... Rd1 ({Black should play} 53... Rd8 $17) 54. Re7 (54. b7 $11 {remains equal.} Bd5+ 55. Kc5) 54... Bd5+ $17 55. Kc5 (55. Kb5 $17) 55... Rb1 (55... Rc1 $19 56. Kd4 Rb1) 56. Rd7 $2 ({Better is} 56. Bd2+ $15 Ke4 57. Ra7) 56... Ke4 $19 57. Re7 (57. Ra7 $142) 57... f4 {[%cal Bf5f4,Bf4f3][%mdl 32]} 58. Bf6 g3 59. hxg3 f3 {Precision: White = 44%, Black = 60%.} 0-1

[Event "Budapest Spring Festival 2018"]
[Site "Budapest"]
[Date "2018.04.26"]
[Round "9"]
[White "Kumar, Nikhil"]
[Black "Costachi, Mihnea"]
[Result "0-1"]
[WhiteElo "2287"]
[BlackElo "2462"]
[Annotator "TA"]
[PlyCount "86"]
[EventDate "2018.??.??"]
[EventType "swiss"]
[EventCountry "HUN"]
[SourceTitle "playchess.com"]
[Source "ChessBase"]
[SourceQuality "1"]

{[%evp 18,86,94,87,116,114,114,83,112,40,48,41,84,0,0,-78,-87,-71,-51,-42,-41,-47,-41,-49,-29,-85,-81,-131,-114,-106,-73,-66,-31,-34,-37,-236,-222,-250,-247,-238,-239,-225,-226,-223,-222,-306,-291,-310,-300,-491,-453,-502,-480,-521,-521,-508,-503,-497,-495,-581,-581,-889,-862,-942,-908,-5156,-5156,-5156,-5067,-5060,-5043]} 1. d4 Nf6 2. Nf3 g6 3. c4 Bg7 4. Nc3 d6 5. e4 O-O 6. Be2 Na6 7. O-O e5 8. Re1 c6 9. d5 c5 {E94: King's Indian: Classical: 6 Be2 e5 7 0-0: Various Black 7th moves} (9... Nc5 10. Nd2 a5 11. b3 Bh6 12. Qc2 Ng4 13. Nf1 Bxc1 14. Raxc1 Nh6 15. Qd2 Kg7 16. dxc6 bxc6 17. Red1 {1-0 (45) Aronian,L (2793)-Jobava,B (2707) Leuven 2017}) 10. a3 {LiveBook: 3 Games} h5 $146 ({Predecessor:} 10... Bd7 11. Rb1 Ne8 12. b4 b6 13. Rb3 Nac7 14. Nd2 Bh6 15. Bb2 Ng7 16. Nf1 Nce8 17. Qb1 {½-½ (114) Zhou,W (2585)-Zhao,J (2574) Danzhou 2010}) 11. Rb1 Nh7 {White is better.} 12. b4 b6 13. Be3 (13. Rb3 $16) 13... f5 $1 $14 14. exf5 gxf5 15. Qc1 (15. Nb5 $16) 15... e4 $1 $11 {[%cal Re4f3]} 16. Ng5 (16. Bf4 $11) 16... f4 $1 $17 {[%cal Rf4e3]} 17. Nxh7 fxe3 18. Qxe3 Kxh7 19. Nxe4 Bd4 20. Qd2 Bf5 21. Bd3 (21. Bf3 $11 {keeps the balance.}) 21... Qd7 22. Qg5 Qg7 23. Qxh5+ Kg8 24. Kh1 Bg6 25. Qg4 Rae8 $36 {[%mdl 2048] [#] Hoping for ...cxb4. Black has the initiative.} 26. f3 $2 (26. b5 $1 $15 Nc7 27. f3) 26... Bc3 27. Red1 Bxe4 28. Qxg7+ Kxg7 29. Bxe4 cxb4 30. axb4 Bxb4 ({Inferior is} 30... Nxb4 31. Rdc1 $11) 31. Ra1 Ba5 32. Ra2 Nc5 33. Re2 $2 {[#]} (33. Bc2) 33... Re5 {Black is clearly winning.} 34. g3 Rfe8 35. Kg2 Nxe4 36. fxe4 Rxe4 37. Rxe4 Rxe4 $19 {[%mdl 4096] Endgame KRB-KR} 38. Rc1 Re2+ 39. Kh3 Bb4 40. g4 a5 {[%cal Ba7a5,Ba5a4,Ba4a3][%mdl 32]} 41. Kg3 a4 42. h4 a3 43. Kf3 Rb2 {Precision: White = 27%, Black = 88%.} 0-1

[Event "Budapest Spring Festival 2018"]
[Site "Budapest"]
[Date "2018.04.26"]
[Round "9"]
[White "Sanchez, Louis"]
[Black "Astaneh Lopez, Alex"]
[Result "1/2-1/2"]
[WhiteElo "2270"]
[BlackElo "2442"]
[Annotator "TA"]
[PlyCount "44"]
[EventDate "2018.??.??"]
[EventType "swiss"]
[EventCountry "HUN"]
[SourceTitle "playchess.com"]
[Source "ChessBase"]
[SourceQuality "1"]

{[%evp 24,44,15,11,22,22,22,15,45,55,58,0,56,46,50,49,59,15,25,0,55,0,17]} 1. Nf3 d5 2. g3 Nf6 3. Bg2 c6 4. O-O Bg4 5. d4 Nbd7 6. Nbd2 e6 7. Re1 Be7 8. e4 dxe4 9. Nxe4 Nxe4 10. Rxe4 Bh5 11. c3 O-O 12. Qb3 {D02: 1 d4 d5 2 Nf3 sidelines, including 2...Nf6 3 g3 and 2...Nf6 3 Bf4} Qb6 13. Nd2 {LiveBook: 8 Games} a5 (13... Bg6 14. Re1 a5 15. Nc4 Qa6 16. a4 Bd3 17. Ne3 Nf6 18. Rd1 Rab8 19. c4 Bg6 20. Bd2 Rfd8 21. Be1 Bh5 22. Rd3 Bg6 23. Rdd1 Bh5 24. Rd3 {½-½ (24) Pantsulaia,L (2607)-Tomashevsky,E (2716) Doha 2016}) 14. Nc4 Qa6 $146 {[#] And now ...a4 would win.} ({Predecessor:} 14... Qxb3 15. axb3 Bd1 16. Nxa5 Bc2 17. Re1 b6 18. Bxc6 bxa5 19. Bxd7 Bxb3 {½-½ (38) Mikac,M (2389)-Soln,P (2375) Murska Sobota 2006}) 15. a4 Rfd8 16. Bf4 Bg6 17. Ree1 ({White should try} 17. Re3 $14) 17... Rac8 (17... Bd3 $11 18. Ne5 Nxe5 19. Bxe5 Rd7) 18. Bf1 {[#] aiming for Rxe6!} Qa7 19. Rad1 h6 20. Bg2 Qa6 21. Bf1 {Strongly threatening Rxe6!} Qa7 $1 22. Bg2 Qa6 $1 {Precision: White = 50%, Black = 48%.} 1/2-1/2

[Event "Budapest Spring Festival 2018"]
[Site "Budapest"]
[Date "2018.04.26"]
[Round "9"]
[White "Nemeth, Zoltan"]
[Black "Carlstedt, Jonathan"]
[Result "0-1"]
[WhiteElo "2257"]
[BlackElo "2432"]
[Annotator "TA"]
[PlyCount "60"]
[EventDate "2018.??.??"]
[EventType "swiss"]
[EventCountry "HUN"]
[SourceTitle "playchess.com"]
[Source "ChessBase"]
[SourceQuality "1"]

{[%evp 14,60,17,3,27,0,90,83,74,33,75,17,9,18,32,19,34,15,5,0,0,0,4,-142,-135,-113,-101,-425,-416,-394,-284,-541,-562,-617,-620,-675,-759,-1031,-999,-1039,-1035,-1091,-1068,-1153,-1152,-1111,-1076,-1085,-1000]} 1. Nf3 d5 2. g3 Bg4 3. Bg2 Nd7 4. d4 Ngf6 5. O-O c6 6. Nbd2 e6 7. Re1 Be7 8. c3 {LiveBook: 98 Games. D02: 1 d4 d5 2 Nf3 sidelines, including 2...Nf6 3 g3 and 2...Nf6 3 Bf4} h5 $146 ({Predecessor:} 8... O-O 9. e4 dxe4 10. Nxe4 Nxe4 11. Rxe4 Bf5 {½-½ (11) Saric,A (2594)-Saric,I (2650) Mali Losinj 2016}) 9. Qb3 a5 (9... Qc7 $11 {remains equal.}) 10. Qxb7 $16 {White is better.} O-O 11. Qxc6 {Threatens to win with e4.} a4 $1 12. Qb5 (12. h3 $16 Bxf3 13. Nxf3) 12... Ra5 $11 13. Qb7 $1 {aiming for e4.} Ne8 $1 {[%cal Bf6e8,Be8d6,Bd6b5,Bb5d4,Bd4c2][%mdl 32]} 14. Ne5 Nb8 $1 15. b4 Nd6 16. Nc6 Nxc6 17. Qxc6 Ra7 {Strongly threatening ...Qb8.} 18. b5 {[#]} (18. h3 $11) 18... Qa5 $1 $17 19. b6 {[#]} Rb7 $1 {...Rc8 is the strong threat.} 20. Qc5 $2 {[%mdl 8192]} ({Wrong is} 20. Rb1 $2 Rc8 $19) (20. Ba3 $17 Rc8 21. Qxb7 (21. Bb4 $2 Qa6 $19) 21... Nxb7 22. Bxe7) 20... Nb5 $19 21. Nc4 dxc4 22. Bxb7 $2 (22. Qxc4 {might work better.} Rxb6 23. Bd2) 22... Bxc5 {Black is clearly winning.} 23. dxc5 {[#]} Nd4 $1 {[%mdl 512]} 24. Be3 (24. cxd4 Qxe1+) 24... Nc2 25. Rab1 Nxe3 26. fxe3 Qxc5 27. Kf2 Rb8 28. Be4 Bf5 29. Bxf5 Qxf5+ 30. Kg2 Qc5 {Precision: White = 24%, Black = 80%.} 0-1